000
00329nam a2200121Ia 4500
008
220216s9999 xx 000 0 und d
245
0
_a
Grooving of immature trunks - The testing of an estate practice of the past
260
_b
Planters Bulletin
_c
1963
300
_a
16-17
650
_a
Grooving
650
_a
Rubber
942
_c
JS
999
_c
60083
_d
60083